| 000 | 00503nam a2200169 i 4500 | ||
|---|---|---|---|
| 001 | 55242 | ||
| 003 | ES-MaACL | ||
| 005 | 20230906163116.0 | ||
| 007 | t| | ||
| 008 | 030916s1962 an ||||1| spa d | ||
| 100 | 1 |
_aDemann, Paul. _943619 |
|
| 245 | 1 | 4 |
_aLos judios fé y destino / _cPaul Demann ; [versión española de Juan A.G. Larrayá]. |
| 260 |
_aAndorra : _bCasal i Vall, _c[1962] |
||
| 300 |
_a135 p. ; _c19 cm. |
||
| 700 | 1 |
_aLarraya, Juan A. G. _970325 |
|
| 852 |
_aES-MaACL _jC-22247 _bR.50821 |
||
| 999 |
_c55242 _d55242 |
||